000 01183nam a2200325 i 4500
001 20941
003 BD-RjUL
005 20211209000630.0
008 950820t19701957enk b 001 0 eng u
020 _a0710068549 (v.2)
020 _a0710068557 (v.2) pbk)
035 _a(BD-RjUL)21003
040 _aCCH
_dBD-RjUL
_beng
_cCCH
041 _aeng
082 0 0 _a801.95
_bWIL V-2 1970
100 1 _aWimsatt, William K.
_q(William Kurtz),
_d1907-1975.
_93208
245 1 0 _aLiterary criticism :
_ba short history /
_cWilliam K. Wimsatt & Cleanth Brooks.
_n2 :
_pNeo classical criticism.
260 _aLondon :
_bRoutledge & Kegan Paul,
_cc1957 [Published 1970].
300 _axviii,139-336 p. ;
_c24 cm.
504 _aIncludes bibliographies and index.
505 0 _av.1. Classical criticism - v.2. Neo classical criticism - v.3. Romantic criticism - v.4. Modern criticism
650 0 _aCriticism
_xHistory.
_964691
650 0 _aLiterature
_xHistory and criticism.
_964692
700 1 _aBrooks, Cleanth,
_d1906-1994.
_954346
740 0 _aClassical criticism
740 0 _aNeo classical criticism
740 0 _aRomantic criticism
740 0 _aModern criticism
942 _2ddc
_cBK
999 _c20941
_d20941